| 000 | 00699nam a22002297a 4500 | ||
|---|---|---|---|
| 005 | 20170124105927.0 | ||
| 010 | _aB-31662 | ||
| 020 |
_c00.00 _a817629327 |
||
| 035 | _aB-31662 | ||
| 037 | _bCen Lib/Ret | ||
| 040 |
_aDPL _bEN |
||
| 082 |
_a338.9 _bSOC |
||
| 245 |
_aSocio-economic development in the 21st century / _cedited by Raj Kumar Sen |
||
| 260 |
_aNew Delhi _bDeep and Deep Publications _c2001 |
||
| 270 |
_aF-159, Rajouri Garden _bNew Delhi _e110027 |
||
| 300 |
_axiv,514p. _c21cm(Hb) |
||
| 500 | _aIncludes index | ||
| 650 |
_aEconomic -- development _91481 |
||
| 650 |
_aSocial planning _96926 |
||
| 700 |
_aSen, Raj Kumar _973168 |
||
| 942 |
_2ddc _cEN _h338.9 _mSOC |
||
| 999 |
_c123569 _d123569 |
||